=LDR 00000nam 2200000 4500 =001 INLIS000000000024300 =005 20130612122908 =008 ***********************************Ind** =035 ##$$0010-061300000024300 =041 ##$$a Ind =082 ##$$a 374014 =090 ##$$a 374.01, Abd b =100 ##$$a Abdulhak, Ishak =245 ##$$a Buku materi pokok strategi belajar, Ishak Abdulhak =260 ##$$a 1986 $b Jakarta =300 ##$$a 339 hlm, 27 cm =650 ##$$a Sistem pendidikan =850 ##$$a NBPNMAT